Statistics for Americas Capitals Quiz

Click here to take the quiz!

General Stats

  • This quiz has been taken 211 times
    (195 since last reset)
  • The average score is 29 of 44

Answer Stats

CountryCapital% Correct
ArgentinaBuenos Aires
96%
CubaHavana
95%
BrazilBrasilia
95%
United States of AmericaWashington DC
94%
PeruLima
92%
MexicoMexico City
92%
CanadaOttawa
91%
ChileSantiago
91%
PanamaPanama City
90%
ColombiaBogota
89%
JamaicaKingston
87%
Saint Vincent and the GrenadinesKingstown
87%
VenezuelaCaracas
86%
BoliviaLa Paz or Sucre
85%
EcuadorQuito
84%
El SalvadorSan Salvador
84%
UruguayMontevideo
84%
GuatemalaGuatemala City
84%
Costa RicaSan Jose
79%
HaitiPort-au-Prince
77%
ParaguayAsuncion
74%
BahamasNassau
72%
GuyanaGeorgetown
72%
NicaraguaManagua
71%
Dominican RepublicSanto Domingo
70%
BelizeBelmopan
64%
SurinameParamaribo
62%
Trinidad and TobagoPort of Spain
61%
Antigua & BarbudaSt John's
61%
HondurasTegucigalpa
61%
BarbadosBridgetown
59%
GrenadaSt George's
53%
DominicaRoseau
51%
Saint Kitts and NevisBasseterre
44%
GuedeloupeBasse-Terre
44%
Puerto RicoSan Juan
41%
Saint LuciaCastries
39%
GreenlandNuuk
33%
French GuianaCayenne
24%
BermudaHamilton
18%
Falkland IslandsStanley
17%
ArubaOranjestad
16%
MartiniqueFort-de-France
12%
Turks and CaicosCockburn town
9%

Score Distribution

Percentile by Number Answered

Percent of People with Each Score

Your Score History

You have not taken this quiz since the last reset